000 00775nam a2200205 i 4500
001 91151
003 ES-MaACL
005 20251011165115.0
007 t|
008 050127s1969 sp afo |||| | spa d
080 _a940.42:343.819.5(4)"1933/45"
245 0 0 _aDeportación /
_c[dirección, André Leroy ; realizado por la Federación Nacional de Deportados e Internados Resistentes y Patriotas ; traducción de E. Sánchez Pascual].
260 _aBarcelona :
_bPetronio,
_c[1969]
300 _a294 p., 3 lám. :
_bil., fot. ;
_c32 cm.
650 0 4 _aGuerra mundial, 1939-1945-
_xCampos de concentración.
_913235
700 1 _aLeroy, André,
_d1913-1982
_9161432
700 1 _aSánchez Pascual, Enrique.
_9102835
852 _aES-MaACL
_jC-41242
999 _c91151
_d91151